| 000 | 00548nam a22001457a 4500 | ||
|---|---|---|---|
| 020 | _a0-571-21517-3 | ||
| 082 |
_a823 _bPIE/V |
||
| 100 | _aPIERRE,DBC | ||
| 245 | _aVERNON GOD LITTLE | ||
| 260 |
_aLONDON _bFABER & FABER |
||
| 300 | _a279 | ||
| 520 | _aPlot synopsis. The life of Vernon Little, a normal teenager who lives in Martirio, Texas, falls apart when his best friend, Jesus Navarro, murders their classmates in the schoolyard before killing himself, and Vernon is taken in for questioning. | ||
| 650 |
_aENGLISH NOVEL _zLONDON |
||
| 942 | _cBK | ||
| 999 |
_c3312 _d3312 |
||